[Event "Olympiad-44"]
[Site "Chennai"]
[Date "2022.08.09"]
[Round "11.2"]
[White "Risteski, Emil"]
[Black "Chavez, Ricardo Ernesto"]
[Result "1/2-1/2"]
[WhiteElo "2405"]
[BlackElo "2179"]
[PlyCount "71"]
[EventDate "2022.07.29"]
[EventType "team-swiss"]
[EventRounds "11"]
[EventCountry "IND"]
[SourceTitle "CBM 210"]
[Source "ChessBase"]
[SourceDate "2022.10.31"]
[SourceVersion "1"]
[SourceVersionDate "2022.10.31"]
[SourceQuality "1"]
[WhiteTeam "North Macedonia"]
[BlackTeam "El Salvador"]
[WhiteTeamCountry "MKD"]
[BlackTeamCountry "ESA"]

1. e4 g6 2. d4 Bg7 3. Nc3 d6 4. f4 a6 5. Nf3 b5 6. Bd3 Nd7 7. a4 b4 8. Ne2 a5 9. e5 e6 10. Ng3 Ba6 11. h4 h5 12. Ng5 Ne7 13. 0-0 Bxd3 14. Qxd3 d5 15. c3 bxc3 16. bxc3 Nb6 17. Ba3 Nc4 18. Bc5 Qd7 19. Rfb1 Qc6 20. Rb5 Bh6 21. Rab1 Bxg5 22. fxg5 Nf5 23. Nxf5 exf5 24. Qe2 Kd7 25. Qa2 Qe6 26. Rb7 Ra6 27. R1b5 Rha8 28. Qb1 Rc6 29. Rb8 Rxb8 30. Rxb8 Nxe5 31. Qb7 Nf3+ 32. gxf3 Qe1+ 33. Kg2 Qe2+ 34. Kg1 Qe1+ 35. Kg2 Qe2+ 36. Kg1 1/2-1/2

[Event "American Continental 16th"]
[Site "San Salvador"]
[Date "2022.05.06"]
[Round "6"]
[White "Kaidanov, Gregory S"]
[Black "Chavez, Ricardo Ernesto"]
[Result "1-0"]
[WhiteElo "2556"]
[BlackElo "2184"]
[PlyCount "65"]
[EventDate "2022.05.02"]
[EventType "swiss"]
[EventRounds "11"]
[EventCountry "ESA"]
[SourceTitle "CBM 208 Extra"]
[Source "ChessBase"]
[SourceDate "2022.07.31"]
[SourceVersion "1"]
[SourceVersionDate "2022.07.31"]
[SourceQuality "1"]

1. Nf3 Nf6 2. g3 d6 3. d4 Nbd7 4. Bg2 e5 5. c4 c6 6. Nc3 e4 7. Nd2 d5 8. cxd5 cxd5 9. f3 exf3 10. Nxf3 Be7 11. 0-0 0-0 12. Nh4 Nb6 13. Nf5 Bxf5 14. Rxf5 h6 15. Qd3 Re8 16. Bd2 Nc4 17. Nxd5 Nxd2 18. Qxd2 Nxd5 19. Bxd5 Bf6 20. Raf1 Qb6 21. R1f4 Rad8 22. e3 Re7 23. Qf2 Rd6 24. h4 Qc7 25. Kh2 Qc1 26. Rf3 Rc7 27. Bb3 Rb6 28. Qg2 Re7 29. Rc5 Qe1 30. Rc8+ Kh7 31. Qc2+ g6 32. h5 Bxd4 33. Bxf7 1-0

[Event "Online Olym Div2 E"]
[Site "Chess.com INT"]
[Date "2021.09.04"]
[Round "9.3"]
[White "Matamoros Franco, Carlos S"]
[Black "Chavez, Ricardo Ernesto"]
[Result "1-0"]
[WhiteElo "2486"]
[BlackElo "2242"]
[PlyCount "81"]
[EventDate "2021.09.02"]
[EventType "team (rapid)"]
[EventRounds "9"]
[EventCountry "USA"]
[SourceTitle "CBM 204 Extra"]
[Source "ChessBase"]
[SourceDate "2021.11.30"]
[SourceVersion "1"]
[SourceVersionDate "2021.11.30"]
[SourceQuality "1"]
[WhiteTeam "Ecuador"]
[BlackTeam "El Salvador"]
[WhiteTeamCountry "ECU"]
[BlackTeamCountry "ESA"]

1. Nf3 Nf6 2. g3 d6 3. d4 Nbd7 4. c4 e5 5. Nc3 c6 6. e4 Be7 7. Bg2 0-0 8. 0-0 Re8 9. h3 Qc7 10. Be3 a6 11. a4 a5 12. Qc2 Bf8 13. Rad1 exd4 14. Bxd4 Ne5 15. Nd2 b6 16. f4 Ng6 17. Bxf6 gxf6 18. Nf3 Bb7 19. Nd4 Rad8 20. Kh2 Kh8 21. Qf2 Ne7 22. Rfe1 Bg7 23. Qf3 Qc8 24. Qh5 Kg8 25. Bf3 Ba6 26. b3 Bb7 27. Re2 Qa8 28. Nf5 Nxf5 29. Qxf5 Bc8 30. Qh5 f5 31. Rd3 Re6 32. exf5 Rh6 33. Qg5 f6 34. Qg4 Rg6 35. Qh5 Rh6 36. Re8+ Rxe8 37. Qxe8+ Bf8 38. Bxc6 Rxh3+ 39. Kg2 Bb7 40. Qxa8 Bxa8 41. Bxa8 1-0

[Event "Olympiad-43"]
[Site "Batumi"]
[Date "2018.09.30"]
[Round "6.58"]
[White "Chavez, Ricardo Ernesto"]
[Black "Greet, Andrew"]
[Result "1-0"]
[WhiteElo "2244"]
[BlackElo "2441"]
[PlyCount "107"]
[EventDate "2018.09.24"]
[EventType "team-swiss"]
[EventRounds "11"]
[EventCountry "GEO"]
[SourceTitle "CBM 187"]
[Source "ChessBase"]
[SourceDate "2018.12.11"]
[SourceVersion "1"]
[SourceVersionDate "2018.12.11"]
[SourceQuality "1"]
[WhiteTeam "El Salvador"]
[BlackTeam "Scotland"]
[WhiteTeamCountry "ESA"]
[BlackTeamCountry "SCO"]

1. e4 e5 2. Nf3 Nc6 3. Bb5 a6 4. Ba4 Nf6 5. Qe2 b5 6. Bb3 Bc5 7. c3 0-0 8. d3 h6 9. 0-0 Re8 10. Nbd2 d5 11. h3 d4 12. Rd1 Nh5 13. Nf1 Nf4 14. Bxf4 exf4 15. Qd2 Qf6 16. Bd5 dxc3 17. bxc3 g5 18. d4 Bf8 19. Ne5 Nxe5 20. dxe5 Qb6 21. Bxa8 c6 22. a4 b4 23. cxb4 Be6 24. Bxc6 Qxc6 25. Qd4 Rb8 26. Rdc1 Qe8 27. Rcb1 Bg7 28. Qd6 Bc4 29. Ra3 Rd8 30. Qc5 Rc8 31. Qb6 Qxe5 32. Nd2 Be2 33. b5 axb5 34. axb5 Bf8 35. Rab3 Rc2 36. Qd8 Kg7 37. b6 Bd6 38. Nf3 Bxf3 39. Rxf3 h5 40. Rd3 Bc5 41. b7 Bxf2+ 42. Kh1 Ba7 43. Qd5 Qc7 44. Qxg5+ Kh7 45. Qxh5+ Kg7 46. Rd5 Rc1+ 47. Rxc1 Qxc1+ 48. Qd1 Qe3 49. Qg4+ Kf8 50. Rd8+ Ke7 51. Qd7+ Kf6 52. Qf5+ Kg7 53. Qg5+ Kh7 54. Qh5+ 1-0

[Event "Olympiad-43"]
[Site "Batumi"]
[Date "2018.09.26"]
[Round "3.60"]
[White "Murara, Maxence"]
[Black "Chavez, Ricardo Ernesto"]
[Result "0-1"]
[WhiteElo "1789"]
[BlackElo "2244"]
[PlyCount "86"]
[EventDate "2018.09.24"]
[EventType "team-swiss"]
[EventRounds "11"]
[EventCountry "GEO"]
[SourceTitle "CBM 187"]
[Source "ChessBase"]
[SourceDate "2018.12.11"]
[SourceVersion "1"]
[SourceVersionDate "2018.12.11"]
[SourceQuality "1"]
[WhiteTeam "Rwanda"]
[BlackTeam "El Salvador"]
[WhiteTeamCountry "RWA"]
[BlackTeamCountry "ESA"]

1. d4 Nf6 2. Bf4 e6 3. Nf3 c5 4. e3 b6 5. Bd3 Bb7 6. Nbd2 cxd4 7. exd4 Be7 8. c3 0-0 9. Qc2 d6 10. h3 Nbd7 11. g4 e5 12. dxe5 dxe5 13. Be3 g6 14. Rg1 Nc5 15. Bxc5 Bxc5 16. 0-0-0 Bxf2 17. Rgf1 Bg3 18. Ne4 Nxe4 19. Bxe4 Qe7 20. Bxb7 Qxb7 21. h4 Rad8 22. Rxd8 Rxd8 23. h5 Qd5 24. Kb1 Qd3 25. Qxd3 Rxd3 26. Kc2 Rd7 27. Ng5 Bf4 28. Ne4 Kg7 29. hxg6 Kxg6 30. Rd1 Rxd1 31. Kxd1 f5 32. gxf5+ Kxf5 33. Nd6+ Kg4 34. a4 Kf3 35. a5 bxa5 36. c4 e4 37. c5 e3 38. Nf5 e2+ 39. Ke1 Bd2+ 40. Kxd2 Kf2 41. Nd4 e1Q+ 42. Kd3 Qc1 43. c6 Qc5 0-1

[Event "Sabadell op 11th"]
[Site "Sabadell"]
[Date "2018.09.03"]
[Round "3"]
[White "Cruz, Cristhian"]
[Black "Chavez, Ricardo Ernesto"]
[Result "1-0"]
[WhiteElo "2571"]
[BlackElo "2244"]
[PlyCount "69"]
[EventDate "2018.09.01"]
[EventType "swiss"]
[EventRounds "9"]
[EventCountry "ESP"]
[SourceTitle "EXT 2019"]
[Source "ChessBase"]
[SourceDate "2018.10.10"]
[SourceVersion "1"]
[SourceVersionDate "2018.10.10"]
[SourceQuality "1"]

1. e4 d5 2. exd5 Nf6 3. d4 Bg4 4. Bb5+ Nbd7 5. Be2 Bxe2 6. Qxe2 Nxd5 7. Nf3 e6 8. 0-0 c6 9. c4 N5f6 10. Bf4 Be7 11. Nc3 0-0 12. Rad1 Nb6 13. a3 a5 14. Ne5 Re8 15. Rfe1 h6 16. Rd3 Bf8 17. Rg3 Qxd4 18. Bxh6 Rad8 19. Bg5 Be7 20. Nxf7 Kxf7 21. Qxe6+ Kf8 22. Rh3 Qxf2+ 23. Kxf2 Bc5+ 24. Kf1 Rxe6 25. Rxe6 Kf7 26. Bxf6 gxf6 27. Re4 Rd2 28. Re2 Rd4 29. Rh7+ Kg6 30. Rxb7 Nxc4 31. Rc7 Bd6 32. Rxc6 Bxh2 33. g3 Bxg3 34. Rxc4 Rxc4 35. Rg2 1-0

[Event "Barcelona Sants op 20th"]
[Site "Barcelona"]
[Date "2018.08.22"]
[Round "6"]
[White "Pfreundt, Jakob"]
[Black "Chavez, Ricardo Ernesto"]
[Result "1/2-1/2"]
[WhiteElo "2399"]
[BlackElo "2244"]
[PlyCount "163"]
[EventDate "2018.08.17"]
[EventType "swiss"]
[EventRounds "10"]
[EventCountry "ESP"]
[SourceTitle "CBM 186 Extra"]
[Source "ChessBase"]
[SourceDate "2018.08.24"]
[SourceVersion "1"]
[SourceVersionDate "2018.08.24"]
[SourceQuality "1"]

1. Nf3 Nf6 2. c4 d6 3. g3 e5 4. Bg2 Nc6 5. Nc3 g6 6. d4 exd4 7. Nxd4 Bd7 8. Nxc6 Bxc6 9. e4 Bg7 10. 0-0 0-0 11. Bg5 h6 12. Be3 Re8 13. f3 a5 14. Qd2 Kh7 15. b3 Nd7 16. Rac1 Nc5 17. Rfe1 Qf6 18. Red1 b6 19. Rc2 Qe5 20. Re1 Qh5 21. Ne2 Qe5 22. Nd4 Bb7 23. Bf2 Qe7 24. Rcc1 Qd7 25. Re2 Re7 26. Rce1 Rae8 27. h4 h5 28. Kh2 Bh6 29. Qc2 Qc8 30. Bh3 Qa8 31. Nb5 Bc6 32. Nc3 Bg7 33. Be3 Bf6 34. Qd2 Kg7 35. Bh6+ Kh7 36. Be3 Kg7 37. Rb1 Kg8 38. Rd1 Kg7 39. Bd4 Be5 40. Rde1 Kh7 41. Be3 Bf6 42. Rd1 Kg7 43. Nd5 Bxd5 44. Qxd5 Qxd5 45. cxd5 Bc3 46. Rc2 Be5 47. Kg2 Bf6 48. Bc1 Na6 49. Kf2 Nb4 50. Re2 Na6 51. Bf1 Nc5 52. Rc2 Kg8 53. Bb5 Rf8 54. Kg2 Kh7 55. Be3 Bg7 56. Bg5 f6 57. Bc1 f5 58. exf5 Rxf5 59. Re2 Rxe2+ 60. Bxe2 Bc3 61. Bb5 Kg7 62. Bf4 Be5 63. Be3 Bc3 64. Bf4 Be5 65. Be3 Bc3 66. Bg5 Bf6 67. Bd2 Re5 68. Bc4 Re7 69. Re1 Rxe1 70. Bxe1 Bd4 71. Bd2 Kf7 72. Bb5 Ke7 73. Bg5+ Bf6 74. Be3 Kf7 75. Kf2 Ke7 76. Ke2 Bc3 77. Bg5+ Bf6 78. Bd2 Kf7 79. Ke3 Be5 80. f4 Bb2 81. Be2 Bf6 82. Bf1 1/2-1/2

[Event "San Jose subzonal 2.3c"]
[Site "San Jose"]
[Date "2018.03.25"]
[Round "1"]
[White "Chavez, Ricardo Ernesto"]
[Black "Chaluja, Jose Antonio"]
[Result "1-0"]
[WhiteElo "2256"]
[BlackElo "1765"]
[PlyCount "43"]
[EventDate "2018.03.25"]
[EventType "swiss"]
[EventRounds "9"]
[EventCountry "CRI"]
[SourceTitle "EXT 2019"]
[Source "ChessBase"]
[SourceDate "2018.10.10"]
[SourceVersion "1"]
[SourceVersionDate "2018.10.10"]
[SourceQuality "1"]

1. e4 c5 2. Nf3 d6 3. d4 cxd4 4. Nxd4 Nf6 5. Nc3 g6 6. Be2 Bg7 7. 0-0 0-0 8. Bg5 Bd7 9. Kh1 Qc8 10. Bxf6 Bxf6 11. Nd5 Kg7 12. Qd2 Bxd4 13. Qxd4+ e5 14. Qd2 Be6 15. c3 Rd8 16. Rad1 Nc6 17. f4 exf4 18. Qxf4 Qd7 19. Bb5 Rab8 20. Qf6+ Kg8 21. Qf4 Kg7 22. Qd2 1-0

[Event "San Salvador zt 2.3"]
[Site "San Salvador"]
[Date "2017.05.30"]
[Round "8"]
[White "Chavez, Ricardo Ernesto"]
[Black "Ruiz Castillo, Joshua Daniel"]
[Result "0-1"]
[WhiteElo "2225"]
[BlackElo "2350"]
[PlyCount "72"]
[EventDate "2017.05.26"]
[EventType "swiss"]
[EventRounds "9"]
[EventCountry "ESA"]
[SourceTitle "CBM 178 Extra"]
[Source "ChessBase"]
[SourceDate "2017.06.22"]
[SourceVersion "1"]
[SourceVersionDate "2017.06.22"]
[SourceQuality "1"]

1. e4 c5 2. Nf3 a6 3. c3 d5 4. exd5 Qxd5 5. d4 Nf6 6. Be2 e6 7. 0-0 Nc6 8. Re1 cxd4 9. cxd4 Be7 10. Nc3 Qd8 11. Bg5 0-0 12. Qd2 b6 13. Rad1 Bb7 14. Bd3 Nb4 15. Bb1 Bxf3 16. gxf3 Nfd5 17. Ne4 Bxg5 18. Nxg5 g6 19. Re4 Qf6 20. Rh4 h5 21. Kh1 Kg7 22. Rg1 Rh8 23. Rg3 Nc6 24. Re4 Nce7 25. Re5 Rac8 26. Rg1 Qf4 27. Qe1 Rc6 28. Be4 Rhc8 29. Nh3 Qh4 30. Kg2 Rd6 31. Ng5 Nf4+ 32. Kh1 Rxd4 33. Bxg6 Nexg6 34. Rxe6 Nxe6 35. Nxe6+ fxe6 36. Qxe6 Qf6 0-1

[Event "Central America-chT"]
[Site "Managua"]
[Date "2015.07.30"]
[Round "5.2"]
[White "Chavez, Ricardo Ernesto"]
[Black "Ramos Espinoza, Efren Andres"]
[Result "1/2-1/2"]
[WhiteElo "2253"]
[BlackElo "2203"]
[PlyCount "81"]
[EventDate "2015.07.27"]
[EventType "team-swiss"]
[EventRounds "5"]
[EventCountry "NCA"]
[SourceTitle "EXT 2016"]
[Source "ChessBase"]
[SourceDate "2015.10.08"]
[SourceVersion "1"]
[SourceVersionDate "2015.10.08"]
[SourceQuality "1"]
[WhiteTeam "El Salvador"]
[BlackTeam "Panama"]
[WhiteTeamCountry "ESA"]
[BlackTeamCountry "PAN"]

1. e4 c6 2. d4 d5 3. e5 c5 4. dxc5 Nc6 5. Nf3 Bg4 6. Be2 e6 7. Nbd2 Bxc5 8. 0-0 Nge7 9. h3 Bxf3 10. Nxf3 Ng6 11. Bb5 0-0 12. Qe2 Nd4 13. Nxd4 Bxd4 14. c3 Bxe5 15. f4 Bc7 16. Be3 Ne7 17. Bd3 Bb6 18. Rad1 Bxe3+ 19. Qxe3 Qb6 20. Qxb6 axb6 21. a3 Nc6 22. Rfe1 Rfe8 23. Kf2 Kf8 24. Re2 Rad8 25. Bb5 f6 26. Red2 Re7 27. f5 exf5 28. Rxd5 Rxd5 29. Rxd5 Re5 30. Bc4 Ke7 31. Rd2 g5 32. Bd5 h5 33. g3 b5 34. Rd1 f4 35. gxf4 Rf5 36. Bxc6 bxc6 37. Rd4 c5 38. Re4+ Kd6 39. b3 Kd5 40. Ke3 gxf4+ 41. Kf3 1/2-1/2

[Event "Olympiad-41"]
[Site "Tromsoe"]
[Date "2014.08.10"]
[Round "8.3"]
[White "Nyambalo, Joseph Xavier"]
[Black "Chavez, Ricardo Ernesto"]
[Result "0-1"]
[WhiteElo "2115"]
[BlackElo "2165"]
[PlyCount "96"]
[EventDate "2014.08.02"]
[EventType "team-swiss"]
[EventRounds "11"]
[EventCountry "NOR"]
[SourceTitle "CBM 162"]
[Source "ChessBase"]
[SourceDate "2014.09.17"]
[SourceVersion "1"]
[SourceVersionDate "2014.09.17"]
[SourceQuality "1"]
[WhiteTeam "Malawi"]
[BlackTeam "El Salvador"]
[WhiteTeamCountry "MWI"]
[BlackTeamCountry "ESA"]

1. Nf3 g6 2. d4 Bg7 3. c4 d6 4. Nc3 Nf6 5. e4 0-0 6. h3 e5 7. d5 a5 8. Bd3 Na6 9. a3 Nh5 10. 0-0 Nf4 11. Bxf4 exf4 12. Qd2 Nc5 13. Bc2 Qf6 14. Rab1 g5 15. Nh2 h5 16. Ne2 Nd7 17. h4 Bh6 18. hxg5 Qxg5 19. Nf3 Qg7 20. Qc3 Ne5 21. Ned4 Kh8 22. Kh1 Rg8 23. Rg1 Qf6 24. Nf5 Rg4 25. Rbe1 Bd7 26. c5 Rag8 27. Bb1 Bf8 28. Nh2 Bxf5 29. exf5 Rh4 30. g3 Rh3 31. Re4 Bh6 32. cxd6 cxd6 33. Qe1 Rxh2+ 34. Kxh2 Nf3+ 35. Kg2 Nxe1+ 36. Rgxe1 fxg3 37. f3 Qxb2+ 38. R4e2 Qd4 39. Be4 h4 40. Rh1 Bg5 41. Rc2 Bf6 42. Rb1 b5 43. Ra2 b4 44. axb4 axb4 45. Re2 b3 46. Rh1 Ra8 47. Bb1 Qxd5 48. Rhe1 Ra2 0-1

[Event "Olympiad-41"]
[Site "Tromsoe"]
[Date "2014.08.05"]
[Round "4.4"]
[White "Chavez, Ricardo Ernesto"]
[Black "Nikcevic, Nebojsa"]
[Result "1-0"]
[WhiteElo "2165"]
[BlackElo "2427"]
[PlyCount "79"]
[EventDate "2014.08.02"]
[EventType "team-swiss"]
[EventRounds "11"]
[EventCountry "NOR"]
[SourceTitle "CBM 162"]
[Source "ChessBase"]
[SourceDate "2014.09.17"]
[SourceVersion "1"]
[SourceVersionDate "2014.09.17"]
[SourceQuality "1"]
[WhiteTeam "El Salvador"]
[BlackTeam "Montenegro"]
[WhiteTeamCountry "ESA"]
[BlackTeamCountry "MNE"]

1. e4 c5 2. Nf3 Nc6 3. Bb5 Qb6 4. Ba4 Nf6 5. d3 g6 6. 0-0 Bg7 7. c3 0-0 8. Nbd2 d5 9. Re1 Rd8 10. Qe2 Qa6 11. Bb3 e6 12. Nf1 dxe4 13. dxe4 Qxe2 14. Rxe2 b6 15. e5 Nd7 16. Bg5 Re8 17. Ba4 Bb7 18. Rd1 Ndb8 19. Ne3 Ba6 20. Red2 b5 21. Bc2 h6 22. Bf6 Bb7 23. Be4 a6 24. Ng4 h5 25. Ne3 Ra7 26. Rd6 Ba8 27. Kf1 Rc7 28. Ng5 Bb7 29. f4 Bf8 30. R6d2 Na5 31. Bd8 Rxd8 32. Rxd8 Nac6 33. Re8 Kg7 34. Bxg6 Be7 35. Bxh5 Bxg5 36. fxg5 Nd7 37. Ng4 Ncxe5 38. Nxe5 Nxe5 39. Rdd8 Ng6 40. Rg8+ 1-0

[Event "Deportes zt 2.3.2 "]
[Site "Deportes"]
[Date "2008.06.15"]
[Round "9"]
[White "Galvez Dastin, Eduardo Francisco"]
[Black "Chavez, Ricardo Ernesto"]
[Result "0-1"]
[WhiteElo "2191"]
[BlackElo "2195"]
[PlyCount "56"]
[EventDate "2008.06.09"]
[EventType "swiss"]
[EventRounds "9"]
[EventCountry "GUA"]
[SourceTitle "CBM 124 Extra"]
[Source "ChessBase"]
[SourceDate "2008.07.03"]
[SourceVersion "1"]
[SourceVersionDate "2008.07.03"]
[SourceQuality "1"]

1. d4 g6 2. Nf3 Bg7 3. c4 d6 4. e4 Nf6 5. Nc3 0-0 6. Be2 e5 7. 0-0 Qe8 8. d5 Nfd7 9. Nb5 Na6 10. Ne1 f5 11. exf5 gxf5 12. f4 Nf6 13. Be3 Ng4 14. Bc1 exf4 15. Rxf4 Be5 16. Nf3 Bxf4 17. Bxf4 Qe4 18. Qd2 Bd7 19. Bh6 Nxh6 20. Qg5+ Kh8 21. Nc3 Qe8 22. Qxh6 Qg6 23. Qf4 Nc5 24. Rf1 Rae8 25. Nh4 Qg7 26. Bh5 Nd3 27. Qf3 Qd4+ 28. Kh1 Re3 0-1

[Event "Olympiad-37"]
[Site "Turin"]
[Date "2006.06.04"]
[Round "13"]
[White "Chavez, Ricardo Ernesto"]
[Black "Mwali, Chitumbo"]
[Result "1/2-1/2"]
[WhiteElo "2220"]
[BlackElo "2172"]
[PlyCount "71"]
[EventDate "2006.05.21"]
[EventType "team-swiss"]
[EventRounds "13"]
[EventCountry "ITA"]
[SourceTitle "CBM 113"]
[Source "ChessBase"]
[SourceDate "2006.07.31"]
[SourceVersion "1"]
[SourceVersionDate "2006.07.31"]
[SourceQuality "1"]
[WhiteTeam "El Salvador"]
[BlackTeam "Zambia"]
[WhiteTeamCountry "ESA"]
[BlackTeamCountry "ZAM"]

1. e4 e5 2. Nf3 Nc6 3. Bb5 a6 4. Ba4 Nf6 5. 0-0 b5 6. Bb3 Be7 7. d4 d6 8. Bd5 Bb7 9. Re1 0-0 10. c3 Nxd5 11. exd5 Na5 12. dxe5 dxe5 13. Nxe5 Qxd5 14. Qxd5 Bxd5 15. Be3 Bd6 16. Nd3 Nc4 17. Nd2 Nxe3 18. Rxe3 Rfe8 19. Rxe8+ Rxe8 20. Kf1 h5 21. h4 Rd8 22. g3 c5 23. a3 a5 24. Re1 c4 25. Ne5 f6 26. Nef3 Rb8 27. Ne4 Bf8 28. Nd4 b4 29. axb4 axb4 30. cxb4 Rxb4 31. Nc3 Bf7 32. Re2 Bg6 33. Rd2 Rb8 34. Ne6 Bd3+ 35. Kg2 Bd6 36. Kf3 1/2-1/2

[Event "Olympiad-37"]
[Site "Turin"]
[Date "2006.06.03"]
[Round "12"]
[White "Genta, Alejandro"]
[Black "Chavez, Ricardo Ernesto"]
[Result "1/2-1/2"]
[WhiteElo "2161"]
[BlackElo "2220"]
[PlyCount "70"]
[EventDate "2006.05.21"]
[EventType "team-swiss"]
[EventRounds "13"]
[EventCountry "ITA"]
[SourceTitle "CBM 113"]
[Source "ChessBase"]
[SourceDate "2006.07.31"]
[SourceVersion "1"]
[SourceVersionDate "2006.07.31"]
[SourceQuality "1"]
[WhiteTeam "Uruguay"]
[BlackTeam "El Salvador"]
[WhiteTeamCountry "URU"]
[BlackTeamCountry "ESA"]

1. d4 g6 2. c4 Bg7 3. Nc3 d6 4. e4 Nc6 5. Be3 e5 6. Nge2 Nf6 7. f3 0-0 8. d5 Nb8 9. Qd2 Nbd7 10. 0-0-0 a5 11. Kb1 Nc5 12. Nc1 a4 13. Be2 Ne8 14. b4 axb3 15. axb3 Na6 16. Nd3 c5 17. Kb2 Bd7 18. Ra1 Nec7 19. Rhb1 f5 20. h3 b5 21. Kc1 Qc8 22. Rb2 Qb7 23. Rba2 Rfc8 24. Kd1 bxc4 25. bxc4 Nb4 26. Rxa8 Rxa8 27. Rxa8+ Nxa8 28. Nxb4 Qxb4 29. Nb5 Qb1+ 30. Qc1 Qb4 31. Bd2 Qa4+ 32. Qc2 Qa1+ 33. Qc1 Qa6 34. Qc3 Qa4+ 35. Qc2 Qa1+ 1/2-1/2

[Event "Olympiad-37"]
[Site "Turin"]
[Date "2006.05.28"]
[Round "7"]
[White "Sepp, Olav"]
[Black "Chavez, Ricardo Ernesto"]
[Result "1-0"]
[WhiteElo "2470"]
[BlackElo "2220"]
[PlyCount "65"]
[EventDate "2006.05.21"]
[EventType "team-swiss"]
[EventRounds "13"]
[EventCountry "ITA"]
[SourceTitle "CBM 113"]
[Source "ChessBase"]
[SourceDate "2006.07.31"]
[SourceVersion "1"]
[SourceVersionDate "2006.07.31"]
[SourceQuality "1"]
[WhiteTeam "Estonia"]
[BlackTeam "El Salvador"]
[WhiteTeamCountry "EST"]
[BlackTeamCountry "ESA"]

1. e4 g6 2. d4 Bg7 3. Nc3 d6 4. g3 Nd7 5. Bg2 e5 6. Nge2 Ngf6 7. 0-0 0-0 8. h3 exd4 9. Nxd4 Re8 10. a4 a5 11. Ndb5 Nc5 12. Re1 Bd7 13. Kh2 Bc6 14. f3 Qd7 15. Qe2 d5 16. Be3 dxe4 17. Rad1 exf3 18. Bxf3 Qc8 19. Qg2 Bxf3 20. Qxf3 Ne6 21. Rf1 Rf8 22. Rf2 c6 23. Nd6 Qc7 24. Nc4 Nd5 25. Nxd5 cxd5 26. Nb6 Rad8 27. Nxd5 Qe5 28. c4 Ng5 29. Qf4 Ne4 30. Re2 Rfe8 31. Qxe5 Bxe5 32. Bb6 Rd6 33. Rxe4 1-0